01311nam a2200349 a 4500001001000000003000900010005001700019007000300036008003500039040003100074049000900105082003200114100003900146245008400185264004300269300002900312336002700341337003300368338002800401490002600429500004300455504007300498590002600571650004100597651004200638651004800680700003700728910004000765942001200805952012700817999001700944000017749DO-SdBPM20251208124920.0ta100331s1993 dr 000 0 spa d aDO-SdBPMbspacBPMSU drda aBNPD 4aR920.097293bV335c 19932221 aVásquez, Pedro R.eautor 4aut. 10aCien dominicanos notables /cPedro R. Vásquez ; prólogo Virgilio Hoepelman. aSanto Domingo :bSoto Castillo,c1993. a320 páginas ;c22 cm. atextobtxt2rdacontent asin mediaciónbn2rdamedia avolumenbnc2rdacarrier0 aBiografía-Historia  aIncluye datos biográficos del autor. aIncluye referencias bibliográficas y notas al pie de las páginas aInventariado, 2025/VM 7aLibertadoreszRepública Dominicana 7aRepública DominicanavBiografías  7aRepública DominicanaxHistoriaySIGLO XIX1 aHoepelman, Virgilio,eprólogo  aVMateo V. Control de calidad BPMSU  2ddccBK 00102ddc708CDaBPMETbBPMETd2025-12-08l0oBPMSU CGR R920.097293 V335c 1993pBPMSU25120044r2025-12-08w2025-12-08yBK c15567d15567